000 00515nam a2200205Ia 4500
008 210210b2003 xxu||||| |||| 00| 0 eng d
020 _a1578518741
041 _aeng
082 _a658.406 HARM
100 _aHARVARD BUSINESS ESSENTIALS
245 _aManaging change and transition
260 _aBoston
_bHarvard Business School Press,
_c2003
300 _avi,138
650 _atransition
650 _aManaging
650 _achange
650 _aand
690 _aExecutive Management
906 _a063832
999 _c138996
_d138996